Nová role vysokých škol

Klasifikácia činností vysokých škôl. Obsah akademického vzdelávania. Akademické podnikanie. Aktivity "outreach". Výhody akademického podnikania.

Enregistré dans:
Détails bibliographiques
Format: Chapitre de livre
Langue:tchèque
Sujets:
Tags: Ajouter un tag
Pas de tags, Soyez le premier à ajouter un tag!

MARC

LEADER 00000naa$a2200000$$$4500
001 0048310
005 20230919104551.5
041 0 |a cze 
044 |a CZ 
245 1 0 |a Nová role vysokých škol 
520 |a Klasifikácia činností vysokých škôl. Obsah akademického vzdelávania. Akademické podnikanie. Aktivity "outreach". Výhody akademického podnikania. 
610 2 0 |a školy vysoké 
610 2 0 |a vzdelávanie vysokoškolské 
610 2 0 |a podnikanie 
610 2 0 |a univerzity